000
00324nam a2200145Ia 4500
003
OSt
008
191201s2002 xx 000 0 und d
082
_a
658.076
_b
SIB
100
_a
SINGH, Joginder
245
0
_a
Belling the Cat
260
_a
New Delhi
_b
Excel Books
_c
2002
300
_a
146
650
_a
MBA
942
_2
ddc
_c
BK
999
_c
2719
_d
2719